01729aam a2200385 i 4500001001000000003001000010005001700020007000300037008004100040020001500081040004700096041001300143082002100156100002500177240002800202245016900230264005000399264001100449300002700460336002700487337003300514338002800547490002900575504002100604505041200625563001501037653001701052700003101069700003701100700004501137942000701182945001201189952012501201999001701326768714001CO-MdFUSB20240209143315.0ta231023t20002000spa||||g |||| 00| 0 spa d a847738956X aCO-MdFUSBbspacCO-MdFUSBdCO-MdFUSBCerda aspaheng 223a149.7bAL333 aAlbert, Hans,eautor aKritisher rationalismus1 aRacionalismo críticob : cuatro capítulos para una sátira del pensamiento ilusorioc/ Hans Albert ; traducido por Berta Pérez ; prologo Ángeles J. Perona  aMadrid, España : bSíntesis, S.A,c[2000] c©2000 a238 páginasc; 24 cm 2rdacontentatextobtxt 2rdamediaasin mediaciónbn 2rdacarrieravolumenbnc aColección perspectivas aIncluye índice aConocimiento, verdad y realidad. Para la crítica del pensamiento clásico y del pragmatismo -- Juicio de valor, derecho y orden social. Para la crítica del normativismo y de la pura jurisprudencia -- Sentido, comprensión e historia. Para la crítica de historicismo y la hermenéutica -- Saber, fe y certeza de salvación. Para la crítica de la religión y la concepción religiosa del mundo.  aRústico. aRacionalismo 98808aAlbert, Hans,eautor 98812aPérez, Berta,etraductor 98811aPerona, Ángeles J. eprologuista cBK asor1564 00102ddc40708GENaFUSBCbFUSBCd2023-10-23l0oG 149.7 AL333rp22404r2023-10-23 00:00:00tEj. 1w2023-10-23yBKk25 c69199d69199